000 00509nam a2200169Ia 4500
999 _c34972
_d34972
003 OSt
005 20200203142839.0
008 190216s9999||||xx |||||||||||||| ||und||
040 _coclc
082 _a320
_bCHO/C
100 _aChowdhury, S Singha
_91808
245 0 _aCaste Identity Leads To Caste War And Revolution /
_cS Singha Chowdhury
260 _bDalit Sahitya Akademy,
_c2009.
_aBangalore:
300 _a15p
650 _aPolitics
942 _cBK
_2ddc
_h320
_iCHO/C
_k320
_mCHO/C